Sets of Three XI Quiz Stats

 Plays Quiz Updated Aug 22, 2017

Support Sporcle.
Go Orange.
Score 0/30 Timer 04:00
10 Plays Today
% Correct
Dairy Products
94.9%
Playing Card Suits
94.6%
Big 4 Sports Leagues
94.5%
TV Networks
94.4%
Organs
94%
Fast Food Restaurants
93.5%
Clue(do) Rooms
93.4%
Trigonometry Terms
91.4%
Puzzles
90.7%
Shovels
90.7%
Beans
89.7%
South American Capitals
89.1%
Spices
88.3%
Medieval Weapons
88.2%
TV Detectives
88%
% Correct
Lengths
86.9%
Rock Bands
84.8%
NSync
84.6%
Big East Schools
84.1%
Organelles
83.6%
Conifers
83.1%
Sauces
82.6%
Coal
79.1%
Meats
78.5%
Biographical Films
77.4%
Weights
74.5%
Baby Animals
72.5%
Monkees
68.2%
Monkeys
65.7%
Monks
46.7%

From the Vault

2000s or 2010s?

by kfastic

History 5m
Hard to believe we're almost 20 years into this new millennium.
Remove Ads.
Support Sporcle.
Get the best of Sporcle when you Go Orange. This ad-free experience offers more features, more stats, and more fun while also helping to support Sporcle. Thank you for becoming a member.

Show Comments

Extras

Top Quizzes Today


Score Distribution

Your Account Isn't Verified!

In order to create a playlist on Sporcle, you need to verify the email address you used during registration. Go to your Sporcle Settings to finish the process.

Report this User

Report this user for behavior that violates our Community Guidelines.

Details: